00656nam a2200205Ia 4500003000400000005001700004008004100021020001800062040001800080041000800098082002200106100002500128245007800153250001200231260004200243300003500285650005400320650005200374700002400426OSt20220318115201.0210716s2002 xx 000 0 und d a9780030330964 cAIMIT LIBRARY aeng a658.848 21bCZIM aCzinkota, Michael R. aInternational marketing /cBy Michael R. Czinkota and Ilkka A. Ronkainen. a1st ed. aNew York :bHarcourt College ,c2002. aXxxiii, 815p. ;i-25 ;c27.5 cm aThe international political and legal environment aExport intermediaries licensing and franchising aRonkainen, Ilkka A.